000 00501nam a2200193 4500
001 137860
003 ES-MaACL
007 t|
008 070214s1955 sp r ||||1| spa d
100 1 _aSalomon, Ernst von.
_9102021
245 1 3 _aEl cuestionario /
_cErnst von Salomon.
250 _a1ยช ed.
260 _aBarcelona :
_bLuis de Caralt,
_c1955.
300 _a511 p. ;
_c20 cm.
490 1 _aGigante
830 0 _aGigante
_9181050
852 _aES-MaACL
_jC-9653
_bR.37647
999 _c137860
_d137860